000 00583nam a2200229Ia 4500
003 OSt
005 20220924135310.0
006 a|||||r|||| 00| 0
007 ta
008 220923b |||||||| |||| 00| 0 ben d
024 _a290440
037 _cTextual
040 _aARTS
_cARTS
_bben
041 _2ben
_aben
082 _aO122,1M21x2, 157N4
100 _aBhattacharya
245 0 _aNirbandhe neet propat
260 _c1994
650 _aFRENCH LITERATURE
_913614
942 _hO122,1M21x2, 157N4
_cTEXL
_2CC
999 _c440216
_d440216